Early novels in india (Record no. 11140)

MARC details
000 -LEADER
fixed length control field 00265nam a22000977a 4500
008 - FIXED-LENGTH DATA ELEMENTS--GENERAL INFORMATION
fixed length control field 180922b ||||| |||| 00| 0 eng d
020 ## - INTERNATIONAL STANDARD BOOK NUMBER
International Standard Book Number 9788126013425
100 ## - MAIN ENTRY--PERSONAL NAME
Personal name Mukherjee, Meenakshi
9 (RLIN) 6904
245 ## - TITLE STATEMENT
Title Early novels in india
260 ## - PUBLICATION, DISTRIBUTION, ETC. (IMPRINT)
Place of publication, distribution, etc. Mumbai
Name of publisher, distributor, etc. Sahitya Akademy
Date of publication, distribution, etc. 2017
Holdings
Withdrawn status Lost status Source of classification or shelving scheme Damaged status Koha normalized classification for sorting Not for loan Home library Current library Shelving location Date acquired Total Checkouts Full call number Barcode Date last seen Date last checked out Price effective from Koha item type
    Dewey Decimal Classification   MUK_891_000000000000000_L4   Good Samaritan School Library Good Samaritan School Library Poem 09/22/2018 2 MUK891 L-4 MUK15119 11/16/2019 11/08/2019 09/22/2018 BOOK

Powered by Koha